Operational Amplifiers (Record no. 303618)
[ view plain ]
| 000 -LEADER | |
|---|---|
| fixed length control field | 00433nam a2200181Ia 4500 |
| 008 - FIXED-LENGTH DATA ELEMENTS--GENERAL INFORMATION | |
| fixed length control field | 230718s9999 xx 000 0 und d |
| 041 ## - LANGUAGE CODE | |
| Language code of text/sound track or separate title | eng |
| 082 ## - DEWEY DECIMAL CLASSIFICATION NUMBER | |
| Classification number | 621.3815 |
| Item number | CLA |
| 100 ## - MAIN ENTRY--PERSONAL NAME | |
| Personal name | Clayton G.B. |
| 245 ## - TITLE STATEMENT | |
| Title | Operational Amplifiers |
| 250 ## - EDITION STATEMENT | |
| Edition statement | 2nd ed. |
| 260 ## - PUBLICATION, DISTRIBUTION, ETC. (IMPRINT) | |
| Date of publication, distribution, etc. | 1980 |
| Name of publisher, distributor, etc. | ELBS |
| 300 ## - PHYSICAL DESCRIPTION | |
| Extent | 410 |
| Accompanying material [OBSOLETE, CAN/MARC] | Ref 614 E (12496) |
| 365 ## - TRADE PRICE | |
| Currency code | Rs. |
| 500 ## - GENERAL NOTE | |
| Keywords | Donated Book Viswas Library |
| 700 ## - ADDED ENTRY--PERSONAL NAME | |
| Personal name | Clayton G.B. |
| 906 ## - LOCAL DATA ELEMENT F, LDF (RLIN) | |
| c | ETC |
| Withdrawn status | Lost status | Damaged status | Not for loan | Home library | Current library | Date acquired | Vendor | Budget Code | Total Checkouts | Full call number | Barcode | Date last seen | Bill Date | Koha item type | Original Barcode |
|---|---|---|---|---|---|---|---|---|---|---|---|---|---|---|---|
| Cummins College of Engineering for Women Pune | Cummins College of Engineering for Women Pune | 11/06/2002 | Donated Book | ETC | 621.3815 | CCEP-BK-14825 | 18/07/2023 | 18/07/2023 | Books | 014825 |